000 00433nam a2200181Ia 4500
001 10765
005 20260306161856.0
008 260306t1994||||xx |||||||||||||| ||spa||
041 _aESP
082 _a949.4
_bK94
100 _aKummerly, Frey
_eAUT
245 0 _aSuiza:
_bpueblo, estado, economía, cultura
260 _c1994
300 _a96 páginas :
_c19 cm.
650 _aGEN
654 _aCHU
942 _cLIB
_dJUS
_fJUS
_2ddc
_n
999 _c10765
_d10765